| 000 | 00339nam a2200133Ia 4500 | ||
|---|---|---|---|
| 005 | 20260328101510.0 | ||
| 008 | 260328s9999||||xx |||||||||||||| ||und|| | ||
| 100 | _aJenger, Jean | ||
| 245 | 0 |
_aLe Corbusier : _b Architect of a New Age / _cJean Jenger |
|
| 260 | _bThames & Hudson | ||
| 300 | _a159 p. | ||
| 650 | _aCorbusier, Le | ||
| 942 | _cBK | ||
| 999 |
_c9176 _d9176 |
||